00293nam a2200121Ia 4500008004100000041000800041082001400049100001300063245002600076260003300102300001900135999001700154241015s9999 xx 000 0 und d aeng a658.8 MOR aMortimer aMarketing For Dummies bWiley IndiaaNew Delhic2012 a400;. P. 23 cm c41846d41846